Những văn bản pháp luật mới nhất về luật kinh tế Tập hợp để thực hiên chương trình khung giáo dục đại học phần luật kinh tế cho cử nhân kinh tế theo quyết định của bộ Giáo dục và đào tạo

Guardado en:
Detalles Bibliográficos
Autor principal: Trần, Quỳnh Thanh Nghị
Otros Autores: Lg Huỳnh, Quốc Phi
Formato: Libro
Lenguaje:Undetermined
Publicado: H. Thông kê 2009
Materias:
Acceso en línea:http://lrc.tdmu.edu.vn/opac/search/detail.asp?aID=2&ID=7481
Etiquetas: Agregar Etiqueta
Sin Etiquetas, Sea el primero en etiquetar este registro!
Thư viện lưu trữ: Trung tâm Học liệu Trường Đại học Thủ Dầu Một
LEADER 00971nam a2200217Ia 4500
001 TDMU_7481
008 210410s9999 xx 000 0 und d
082 |a 343.59707 
090 |b TR121 
100 |a Trần, Quỳnh Thanh Nghị 
245 0 |a Những văn bản pháp luật mới nhất về luật kinh tế 
245 0 |b Tập hợp để thực hiên chương trình khung giáo dục đại học phần luật kinh tế cho cử nhân kinh tế theo quyết định của bộ Giáo dục và đào tạo 
245 0 |c ThS. Trần Huỳnh Thanh Nghị,.ThS. Nguyễn Ngọc Duy Mỹ 
260 |a H. 
260 |b Thông kê 
260 |c 2009 
300 |a 478tr 
650 |a Văn bản luật; Luật kinh tế 
700 |a Lg Huỳnh, Quốc Phi 
856 |u http://lrc.tdmu.edu.vn/opac/search/detail.asp?aID=2&ID=7481 
980 |a Trung tâm Học liệu Trường Đại học Thủ Dầu Một